Top 50 MLB Seasons of All-Time - Statistics

General Stats
  • This quiz has been taken 22 times
  • The average score is 33 of 50
Answer Stats
Hint Answer % Correct
2001 Randy Johnson
100%
2002 Randy Johnson
100%
1999 Randy Johnson
100%
1995 Randy Johnson
100%
1913 Walter Johnson
100%
1912 Walter Johnson
100%
1915 Walter Johnson
100%
1919 Walter Johnson
100%
1910 Walter Johnson
100%
1918 Walter Johnson
100%
1968 Bob Gibson
88%
2016 Clayton Kershaw
88%
2014 Clayton Kershaw
88%
2000 Pedro Martinez
88%
1999 Pedro Martinez
88%
1997 Pedro Martinez
88%
1997 Roger Clemens
88%
1990 Roger Clemens
88%
1966 Sandy Koufax
88%
1963 Sandy Koufax
88%
1901 Cy Young
81%
1995 Greg Maddux
81%
1994 Greg Maddux
81%
1997 Greg Maddux
81%
1985 Dwight Gooden
75%
1971 Tom Seaver
69%
2018 Jacob deGrom
63%
1908 Christy Mathewson
56%
1905 Christy Mathewson
56%
1909 Christy Mathewson
56%
2025 Paul Skenes
56%
1972 Steve Carlton
56%
1931 Lefty Grove
50%
1930 Lefty Grove
50%
1978 Ron Guidry
50%
1945 Hal Newhouser
38%
1946 Hal Newhouser
38%
2009 Zack Greinke
38%
2015 Zack Greinke
38%
1915 Grover Alexander
31%
1996 Kevin Brown
31%
1906 Mordecai Brown
31%
1909 Mordecai Brown
31%
2017 Corey Kluber
25%
1924 Dazzy Vance
25%
1971 Wilbur Wood
25%
1910 Ed Walsh
19%
1908 Ed Walsh
19%
1904 Rube Waddell
19%
1964 Dean Chance
13%
No matching quizzes found
Score Distribution
Percent of People with Each Score
Percentile by Number Answered
Your Score History
You have not taken this quiz